00867nam a2200253Ia 4500003000400000005001700004008004100021020001800062040001800080041000800098082001600106100002700122245004700149250001200196260005800208300002700266650004300293650003700336650003400373650002900407942002900436999001900465952012900484OSt20260117100521.0210716s2013 xx 000 0 und d a9788125940562 cAIMIT LIBRARY aeng a651.7bMADR aMadhukar, R K.9251569 aBusiness communication /cBy R K Madhukar. a2nd ed. aNew Delhi :bVikas Publishing House Pvt Ltd ,c2013. axv, 427p.;bPBc25 cm. aMaking communication effective9251570 aNon verbal communication9251571 aRules of good writing9251572 aBusiness letters9251573 2ddccBKe2ndk651.7 MADR c193801d193801 001040708MCAaAIMITbAIMITeKnowledge Worldg375.00l0o651.7 MADRpMCA13309r2025-07-21 00:00:00v281.25w2021-07-16yBK